|
|
|
|
| LEADER |
02492nam a2200601 a 4500 |
| 001 |
nkc20081788163 |
| 003 |
CZ PrNK |
| 005 |
20080415084811.0 |
| 007 |
ta |
| 008 |
080121s2007 xr e p 000 0 cze |
| 015 |
|
|
|a cnb001788163
|
| 020 |
|
|
|a 978-80-244-1791-2
|q (brož.) :
|c neprodejné
|
| 035 |
|
|
|a (OCoLC)228607046
|
| 040 |
|
|
|a ABA001
|b cze
|
| 072 |
|
7 |
|a 5
|x Přírodní vědy. Matematické vědy
|2 Konspekt
|9 6
|
| 072 |
|
7 |
|a 37.016
|x Učební osnovy. Vyučovací předměty. Učebnice
|2 Konspekt
|9 22
|
| 080 |
|
|
|a 57.081.1
|2 MRF
|
| 080 |
|
|
|a 53
|2 MRF
|
| 080 |
|
|
|a 54
|2 MRF
|
| 080 |
|
|
|a 373.3.016
|2 MRF
|
| 080 |
|
|
|a 37.016.026
|2 MRF
|
| 080 |
|
|
|a (072)
|2 MRF
|
| 100 |
1 |
|
|a Nezvalová, Danuše
|7 mzk2003210355
|4 aut
|
| 245 |
1 |
0 |
|a Projekt didaktického systému integrované výuky přírodovědných předmětů (biologie, fyzika, chemie) /
|c Danuše Nezvalová
|
| 246 |
3 |
|
|a Konstruktivismus a jeho aplikace v integrovaném pojetí přírodovědného vzdělávání
|
| 246 |
3 |
0 |
|a Konstruktivismus v integrovaném pojetí přírodovědného vzdělávání
|
| 246 |
1 |
4 |
|a Didaktický systém přírodovědy
|
| 250 |
|
|
|a 1. vyd.
|
| 260 |
|
|
|a Olomouc :
|b Univerzita Palackého v Olomouci,
|c 2007
|
| 300 |
|
|
|a 115 s. ;
|c 21 cm
|
| 500 |
|
|
|a Nad názvem: Konstruktivismus v integrovaném pojetí přírodovědného vzdělávání
|
| 500 |
|
|
|a Nad názvem: Univerzita Palackého v Olomouci, Přírodovědecká fakulta
|
| 500 |
|
|
|a Na obálce nad názvem: Konstruktivismus a jeho aplikace v integrovaném pojetí přírodovědného vzdělávání
|
| 504 |
|
|
|a Obsahuje bibliografii
|
| 650 |
0 |
7 |
|a přírodověda
|7 ph124940
|2 czenas
|
| 650 |
0 |
7 |
|a fyzika
|7 ph114601
|2 czenas
|
| 650 |
0 |
7 |
|a chemie
|7 ph114237
|2 czenas
|
| 650 |
0 |
7 |
|a učivo základních škol
|7 ph136701
|2 czenas
|
| 650 |
0 |
7 |
|a předmětová didaktika
|7 ph162893
|2 czenas
|
| 650 |
0 |
9 |
|a natural history
|2 eczenas
|
| 650 |
0 |
9 |
|a physics
|2 eczenas
|
| 650 |
0 |
9 |
|a chemistry
|2 eczenas
|
| 650 |
0 |
9 |
|a elementary school curriculum
|2 eczenas
|
| 650 |
0 |
9 |
|a teaching school subjects
|2 eczenas
|
| 650 |
0 |
9 |
|a school experiments
|2 eczenas
|
| 655 |
|
7 |
|a metodické příručky
|7 fd132826
|2 czenas
|
| 655 |
|
9 |
|a methodological manuals
|2 eczenas
|
| 710 |
2 |
|
|a Univerzita Palackého.
|b Přírodovědecká fakulta
|7 kn20010709377
|
| 910 |
2 |
|
|a BOA001
|b 2-1196.786
|
| 990 |
|
|
|a BK
|
| 995 |
|
|
|a 01
|
| 991 |
|
|
|b 200802
|c NOV
|
| 996 |
6 |
|
|b 2610332774
|c 2-1196.786
|l MZK
|r Sklad / do 1 hodiny
|n 0
|p p.v.
|w 000883084
|u 000010
|a 1
|e BOA001
|j MZK50
|s P
|